NBA 2024-2025 Top 10 Best Second Options - Statistics

General Stats
  • This quiz has been taken 450 times
  • The average score is 10 of 10
Answer Stats
Team 2nd Option % Correct
Suns Devin Booker
100%
Mavericks Kyrie Irving
100%
Lakers Anthony Davis
99%
Bucks Damian lillard
99%
Celtics Jalen Brown
99%
76ers Paul George
99%
Heat Bam Adebayo
98%
Kings Domantas Sabonis
97%
Knicks Karl-Anthony Towns
96%
Pacers Pascal Siakam
94%
No matching quizzes found
Score Distribution
Percent of People with Each Score
Percentile by Number Answered
Your Score History
You have not taken this quiz